| 000 | 00992nam a2200205Ia 4500 | ||
|---|---|---|---|
| 001 | 11100 | ||
| 003 | GE_BSU | ||
| 008 | 181216s||||||||xx |||||||||||||| ||und|| | ||
| 040 | _cGE_BSU | ||
| 080 | _a81'374.822=353.1=161.1 | ||
| 100 | _aჩუბინაშვილი,ნიკო | ||
| 245 | _aქართული ლექსიკონი რუსული თარგმანითურთ=Словарь грузинского языка с русским переводом. | ||
| 245 | _cალ.ღლონტის რედაქციითა და გამოკვლევით. | ||
| 260 | _aთბილისი. | ||
| 260 | _bსაბჭოთა საქართველო. | ||
| 260 | _c1961. | ||
| 300 | _a488გვ;24სმ. | ||
| 653 | _aქართული ლექსიკონი რუსული თარგმანითურთ=Словарь грузинского языка с русским переводом. | ||
| 942 | _cBK | ||
| 999 |
_c44339 _d44339 |
||